| 000 | 00831cab a2200265 4500 | ||
|---|---|---|---|
| 001 | WB3003-38 | ||
| 008 | 090401t1994 xxu||||| |||| 00| 0 eng d | ||
| 035 | _a(Sirsi) u53442 | ||
| 041 | _aeng | ||
| 245 | _aTop firms move to metric | ||
| 260 | _c1994 | ||
| 350 | _a0 | ||
| 490 |
_aEstates Times _v(1217) 14 January 1994, 3(1) |
||
| 520 | _aThe Unit of Measurement Directive (89/617/EEC) to come into force in 1995 has already being adopted by companies such as MEPC and Slough Estates. | ||
| 650 | _aCOMMERCIAL AGENCY | ||
| 650 | _aCOMPARABLES | ||
| 650 | _aEC DIRECTIVES | ||
| 650 | _aMETRICATION | ||
| 650 | _aPARTICULARS | ||
| 650 | _aUNIT OF MEASUREMENT DIRECTIVE | ||
| 690 | _aMAPPING AND MEASUREMENT | ||
| 690 | _aMANAGEMENT-BUSINESS MANAGEMENT-PROFESSIONAL PRACTICE | ||
| 942 | _n0 | ||
| 948 | _c04/03/1997 | ||
| 999 |
_c32943 _d32943 |
||